[Event "Snorlax # 20"]
[Site "SchemingMind.com"]
[Date "2009.02.23"]
[Round "-"]
[White "GMCasefoncz"]
[Black "Pedro Yanes"]
[Result "1/2-1/2"]
[WhiteCountry "NCA"]
[BlackCountry "USA"]
[WhiteElo "2089"]
[WhiteRD "93"]
[BlackElo "2057"]
[BlackRD "83"]
[GameID "193705"]

1. e4 e6 2. d4 d5 3. Nc3 dxe4 4. Nxe4 Nd7 5. Bd3 Ngf6 6. Nf3 Nxe4 7. Bxe4 Nf6 8. Bd3 h6 9. O-O Be7 10. Ne5 O-O
11. Be3 Nd5 12. Bd2 Nb4 13. Bxb4 Bxb4 14. Qg4 Bd6 15. Rfe1 Qf6 16. c3 c5 17. Qe4 g6 18. Rad1 cxd4 19. cxd4 Rb8 20. Rc1 Rd8
21. Qe3 h5 22. Rc3 Bd7 23. Rec1 Bc6 24. f4 Bc7 25. Rd1 Bb6 26. Bc2 Rd6 27. Rcd3 Rbd8 28. R3d2 h4 29. a4 h3 30. gxh3 Qh4
31. Kf1 Ba5 32. Rf2 Bb6 33. Rfd2 Bd5 34. Kg1= Ba5 35. Rf2 Bb6 36. Rfd2 Bc6 37. Kf1 Ba5 38. Rf2 Bb6 39. Rfd2 Bd5 40. Kg1=
1/2-1/2

[Event "Snorlax # 20"]
[Site "SchemingMind.com"]
[Date "2009.02.23"]
[Round "-"]
[White "andrzeyf"]
[Black "lame wolf"]
[Result "1-0"]
[WhiteCountry "POL"]
[BlackCountry "INT"]
[WhiteElo "1817"]
[WhiteRD "99"]
[BlackElo "1107"]
[BlackRD "47"]
[GameID "193783"]

1. Nf3 b6 2. c4 Bb7 3. Nc3 c5 4. e4 Nc6 5. d3 Nd4 6. Be3 e5 7. Nxe5 Nh6 8. Be2 Ne6 9. O-O Bd6 10. f4 Bxe5
11. fxe5 Nd4 12. Nd5 Bxd5 13. exd5 Nxe2+ 14. Qxe2 Qe7 15. Bxh6 gxh6 16. Rf6 d6 17. Rxd6 Rd8 18. Rxd8+ Qxd8 19. e6 fxe6 20. Qxe6+ Qe7
21. Qc8+ Qd8 22. Re1+ Kf7 23. Rf1+ Kg6 24. Qf5+ Kg7 25. Qf7#
1-0

[Event "Snorlax # 20"]
[Site "SchemingMind.com"]
[Date "2009.02.28"]
[Round "-"]
[White "andrzeyf"]
[Black "fourluxflakes"]
[Result "0-1"]
[WhiteCountry "POL"]
[BlackCountry "ENG"]
[WhiteElo "1817"]
[WhiteRD "99"]
[BlackElo "1922"]
[BlackRD "66"]
[GameID "193784"]

1. d4 Nf6 2. c4 g6 3. Nc3 Bg7 4. e4 d6 5. h3 O-O 6. Nf3 Nbd7 7. Bg5 c6 8. Be2 Qc7 9. O-O e5 10. d5 Nc5
11. Bd3 Nxd3 12. Qxd3 Nh5 13. g4 Nf4 14. Bxf4 exf4 15. Nd4 c5 16. Nde2 Be5 17. Qf3 g5 18. Qd3 a6 19. Rab1 h5 20. f3 hxg4
0-1

[Event "Snorlax # 20"]
[Site "SchemingMind.com"]
[Date "2009.02.24"]
[Round "-"]
[White "andrzeyf"]
[Black "crespov"]
[Result "1-0"]
[WhiteCountry "POL"]
[BlackCountry "CHI"]
[WhiteElo "1817"]
[WhiteRD "99"]
[BlackElo "1640"]
[BlackRD "78"]
[GameID "193785"]

1. d4 d5 2. c4 Nf6 3. cxd5 Nxd5 4. e4 Nb6 5. Nc3 e6 6. a3 Nc6 7. Nf3 Bd6 8. Be3 O-O 9. Bd3 Re8 10. e5 Be7
11. Qc2 g6 12. h4 Nd5 13. h5 Nxe3 14. fxe3 Bg5 15. hxg6 fxg6 16. Bxg6 hxg6 17. Qxg6+ Kf8 18. Nxg5
1-0

[Event "Snorlax # 20"]
[Site "SchemingMind.com"]
[Date "2009.02.23"]
[Round "-"]
[White "andrzeyf"]
[Black "cdhardy22"]
[Result "1-0"]
[WhiteCountry "POL"]
[BlackCountry "USA"]
[WhiteElo "1817"]
[WhiteRD "99"]
[BlackElo "1155"]
[BlackRD "77"]
[GameID "193786"]

1. d4 d5 2. c4 Bf5 3. Nc3 e6 4. cxd5 exd5 5. Qb3 c6 6. Qxb7 Nd7 7. Qxc6 Rc8 8. Qxd5 g6 9. Nf3 Ngf6 10. Qb3 Be6
11. d5 Nxd5 12. Nxd5 h5 13. e4 Bc5 14. Bb5 Qa5+ 15. Bd2 Bxd5 16. Bxd7+ Kxd7 17. Qxd5+ Ke8 18. Bxa5 Be7 19. O-O Rc5 20. Qa8+ Kd7
21. Rfd1+ Ke6 22. Qxh8 Rxa5 23. Rac1 Rxa2 24. Rc6+ Bd6 25. Rcxd6+ Ke7 26. Qf6+ Kf8 27. Rd8#
1-0

[Event "Snorlax # 20"]
[Site "SchemingMind.com"]
[Date "2009.02.23"]
[Round "-"]
[White "andrzeyf"]
[Black "GMCasefoncz"]
[Result "0-1"]
[WhiteCountry "POL"]
[BlackCountry "NCA"]
[WhiteElo "1817"]
[WhiteRD "99"]
[BlackElo "2046"]
[BlackRD "106"]
[GameID "193787"]

1. d4 d5 2. c4 c6 3. cxd5 cxd5 4. Nc3 Nf6 5. Bf4 Nc6 6. Nf3 e6 7. e3 Nh5 8. Bg3 Nxg3 9. hxg3 Bd7 10. Rc1 Rc8
11. Bb5 Bd6 12. Qd3 h6 13. a3 O-O 14. Ba4 Na5 15. Bc2 f5 16. g4 Nc4 17. Rb1 Qa5 18. gxf5 Nxb2
0-1

[Event "Snorlax # 20"]
[Site "SchemingMind.com"]
[Date "2009.02.23"]
[Round "-"]
[White "andrzeyf"]
[Black "Pedro Yanes"]
[Result "0-1"]
[WhiteCountry "POL"]
[BlackCountry "USA"]
[WhiteElo "1817"]
[WhiteRD "99"]
[BlackElo "2034"]
[BlackRD "90"]
[GameID "193788"]

1. Nf3 g6 2. c4 c5 3. Nc3 Bg7 4. b3 Nf6 5. Bb2 O-O 6. g3 Nc6 7. Bg2 d6 8. O-O Bg4 9. Re1 Qd7 10. Qc2 Rfe8
11. e3 Bh3 12. Bh1 Nb4 13. Qb1 Qf5 14. e4 Qh5 15. a3 Nc6 16. d3 Bg4 17. Nh4 g5 18. Ng2 Nd4 19. Ne3 Bf3 20. Bg2 Bxg2
21. Kxg2 g4 22. Nf1 Nxb3 23. Ra2 Nd4 24. Ne2 Nf3 25. Rd1 Rab8 26. Nf4 Qh6 27. h4 Nxh4+ 28. gxh4 Qxf4 29. Ng3 b5 30. Bxf6 bxc4
31. Qc1 Qf3+ 32. Kg1 Bxf6 33. dxc4 Rb3 34. Re1 Reb8 35. Rd2 Bc3
0-1

[Event "Snorlax # 20"]
[Site "SchemingMind.com"]
[Date "2009.02.23"]
[Round "-"]
[White "lame wolf"]
[Black "andrzeyf"]
[Result "0-1"]
[WhiteCountry "INT"]
[BlackCountry "POL"]
[WhiteElo "1107"]
[WhiteRD "47"]
[BlackElo "1817"]
[BlackRD "99"]
[GameID "193789"]

1. b3 d5 2. d4 Nf6 3. Bb2 Bf5 4. e3 Nbd7 5. Bd3 Bxd3 6. Qxd3 e6 7. c4 Bb4+ 8. Bc3 Qe7 9. cxd5 Nxd5 10. Bxb4 Qxb4+
11. Nd2 O-O 12. Ne2 N7f6 13. Qc4 Rac8 14. Qxb4 Nxb4 15. O-O c5 16. dxc5 Rxc5 17. f4 Rc2 18. Rfd1 Nfd5 19. Nd4 Rxa2 20. Rxa2 Nxa2
21. f5 Nxe3 22. fxe6 Nxd1 23. exf7+ Rxf7 24. N2f3 Nac3 25. h3 Ne3 26. b4 Ned5 27. g4 Rxf3 28. Nxf3 Nxb4
0-1

[Event "Snorlax # 20"]
[Site "SchemingMind.com"]
[Date "2009.02.28"]
[Round "-"]
[White "fourluxflakes"]
[Black "andrzeyf"]
[Result "1-0"]
[WhiteCountry "ENG"]
[BlackCountry "POL"]
[WhiteElo "1922"]
[WhiteRD "66"]
[BlackElo "1817"]
[BlackRD "99"]
[GameID "193790"]

1. e4 e5 2. Bc4 Nf6 3. d3 Bc5 4. Nf3 Nc6 5. O-O O-O 6. c3 d6 7. Nbd2 Be6 8. Bb3 Na5 9. Bc2 Nc6 10. a4 a6
11. h3 Qd7 12. Ng5 h6 13. Nxe6 fxe6 14. Nf3 Ba7 15. d4 exd4 16. cxd4 Rae8 17. Be3
1-0

[Event "Snorlax # 20"]
[Site "SchemingMind.com"]
[Date "2009.02.24"]
[Round "-"]
[White "crespov"]
[Black "andrzeyf"]
[Result "0-1"]
[WhiteCountry "CHI"]
[BlackCountry "POL"]
[WhiteElo "1640"]
[WhiteRD "78"]
[BlackElo "1817"]
[BlackRD "99"]
[GameID "193791"]

1. c4 Nf6 2. Nc3 d5 3. cxd5 Nxd5 4. Nf3 Nxc3 5. bxc3 g6 6. d4 Bg7 7. e4 c5 8. Bb2 cxd4 9. cxd4 Bg4 10. e5 Qa5+
11. Qd2 Nc6 12. Qxa5 Nxa5 13. Be2 O-O 14. O-O Rac8 15. h3 Be6 16. Ba3 Nc6 17. Bb5 Rfe8 18. Rfd1 Bd5 19. Ne1 a6 20. Ba4 b5
21. Bb3 Bxb3 22. axb3 Nxd4 23. f4 Ne2+ 24. Kf2 Nxf4 25. Nf3 Rc2+ 26. Rd2 Rxd2+ 27. Nxd2 Bxe5 28. Rb1 f5 29. h4 Bf6 30. g3 Nd3+
31. Kf3 Kf7 32. Nf1 e5 33. Ne3 e4+ 34. Kg2 Rc8 35. Rh1 b4
0-1

[Event "Snorlax # 20"]
[Site "SchemingMind.com"]
[Date "2009.02.23"]
[Round "-"]
[White "cdhardy22"]
[Black "andrzeyf"]
[Result "0-1"]
[WhiteCountry "USA"]
[BlackCountry "POL"]
[WhiteElo "1155"]
[WhiteRD "77"]
[BlackElo "1817"]
[BlackRD "99"]
[GameID "193792"]

1. e4 e5 2. d4 exd4 3. Qxd4 Nc6 4. Qe3 b6 5. f4 Bc5 6. Qh3 d5 7. e5 Bxh3 8. gxh3 Qh4+ 9. Kd1 Nd4 10. c3 Qh5+
11. Ne2 Nxe2 12. Bxe2 Qxh3 13. Re1 O-O-O 14. b3 d4 15. c4 d3 16. Bf1 Qf3+ 17. Be2 dxe2+ 18. Kc2 Qd3+ 19. Kb2 Bd4+ 20. Nc3 Bxc3+
21. Ka3 Bxa1 22. Rxe2 Qxe2 23. f5 Rd2 24. Bxd2 Qxd2 25. f6 Qa5#
0-1

[Event "Snorlax # 20"]
[Site "SchemingMind.com"]
[Date "2009.02.24"]
[Round "-"]
[White "GMCasefoncz"]
[Black "andrzeyf"]
[Result "1-0"]
[WhiteCountry "NCA"]
[BlackCountry "POL"]
[WhiteElo "2046"]
[WhiteRD "106"]
[BlackElo "1817"]
[BlackRD "99"]
[GameID "193793"]

1. e4 e5 2. Nf3 Nc6 3. d4 exd4 4. Nxd4 d6 5. Bb5 Bd7 6. O-O Nf6 7. Nc3 Be7 8. Re1 O-O 9. Bxc6 bxc6 10. Bg5 c5
11. Nf5 Re8 12. Nxe7+ Rxe7 13. Bxf6 gxf6 14. Re3 Kh8 15. Nd5 Re8 16. Qf3 f5 17. Ree1
1-0

[Event "Snorlax # 20"]
[Site "SchemingMind.com"]
[Date "2009.02.23"]
[Round "-"]
[White "Pedro Yanes"]
[Black "andrzeyf"]
[Result "0-1"]
[WhiteCountry "USA"]
[BlackCountry "POL"]
[WhiteElo "1885"]
[WhiteRD "112"]
[BlackElo "2017"]
[BlackRD "148"]
[GameID "193794"]

1. c4 c6 2. d4 d5 3. e3 Nf6 4. Nc3 Bf5 5. Nf3 e6 6. Be2 dxc4 7. Bxc4 c5 8. O-O Be7 9. Nh4 Bg6 10. Nxg6 hxg6
11. dxc5 Qc7 12. b4 Qxh2#
0-1